A Dél-dunántúli Közlekedési Központ Zrt. vagyoni-, pénzügyi-, jövedelmezőségi helyzetének és az eredmény alakulását befolyásoló tényezőknek a vizsgálata a 2015-2017 évi éves beszámolók alapján

Bibliográfiai részletek
Szerző: Kiss Bence
További közreműködők: Borzán Dr. Anita
Hankovszkiné Balogh Ilona
Dokumentumtípus: Diplomadolgozat
Kulcsszavak:Tömegközlekedés
Elemzés
Mutatószámok
Beszámoló
Online Access:http://dolgozattar.uni-bge.hu/21994

MARC

LEADER 00000nta a2200000 i 4500
001 dolg21994
005 20190515100207.0
008 190515suuuu hu om 000 hun d
040 |a BGE Dolgozattár Repozitórium  |b hun 
041 |a hu 
100 1 |a Kiss Bence 
245 1 2 |a A Dél-dunántúli Közlekedési Központ Zrt. vagyoni-, pénzügyi-, jövedelmezőségi helyzetének és az eredmény alakulását befolyásoló tényezőknek a vizsgálata a 2015-2017 évi éves beszámolók alapján  |c Kiss Bence  |h [elektronikus dokumentum] 
246 1 1 |a A Dél-dunántúli Közlekedési Központ Zrt. vagyoni-, pénzügyi-, jövedelmezőségi helyzetének és az eredmény alakulását befolyásoló tényezőknek a vizsgálata a 2015-2017 évi éves beszámolók alapján 
695 |a Tömegközlekedés 
695 |a Elemzés 
695 |a Mutatószámok 
695 |a Beszámoló 
700 1 |a Borzán Dr. Anita  |e ths 
700 1 |a Hankovszkiné Balogh Ilona  |e ths 
856 4 0 |u http://dolgozattar.uni-bge.hu/21994/1/Kiss%20Bence%20szakdolgozat%20%2005%2012.%20v%C3%A9gleges.pdf  |z Dokumentum-elérés